ბათუმის შოთა რუსთაველის სახელმწიფო უნივერსიტეტის ბიბლიოთეკა

მოზაიკის ოსტატები : (ბიბ.ჩანაწერი № 56062)

000 -ლიდერი
ფიქსირებული სიგრძის საკონტროლო ველი 01154nam a2200241Ia 4500
001 - საკონტროლო ნომერი
საკონტროლო ველი 23162
003 - საკონტროლო ნომრის იდენტიფიკატორი
საკონტროლო ველი GE_BSU
005 - ბოლო ოპერაციის თარიღი და დრო
საკონტროლო ველი 20230720161910.0
008 - ფიქსირებული სიგრძის მონაცემთა ელემენტები - ზოგადი ინფორმაცია
ფიქსირებული სიგრძის საკონტროლო ველი 181216s1969||||ge |||||||||||||| ||geo||
040 ## - კატალოგიზაციის წყარო
Transcribing agency GE_BSU
041 ## - ენის კოდი
Language code of text/sound track or separate title geo
080 ## - უნივერსალური ათობითი კლასიფიკაციის ინდექსი
Universal Decimal Classification number 82-93:821.133.1-32 ს-25
100 ## - მთავარი ჩანაწერი - პიროვნების სახელი
Personal name სანდი, ჟორჟ
9 (RLIN) 19219
245 ## - ცნობა სათაურის შესახებ
Title მოზაიკის ოსტატები :
Remainder of title მოთხრობა საშ. სასკოლო ასაკის ბავშვებისათვის /
Statement of responsibility, etc ჟორჟ სანდი ; თარგმნა მ. სოხაძემ ; ბოლოსიტყვ. გ. ჩერნევიჩისა ; რედ. ქ. ქუჩუკაშვილი.
264 ## - წარმოების, გამოცემის, დისტრიბუციის და სხვა ცნობები
გამოცემის, წარმოების, დისტრიბუციის... ადგილი თბილისი :
გამოცემის, წარმოების, დისტრიბუციის... სახელწოდება ნაკადული,
გამოცემის, წარმოების, დისტრიბუციის... თარიღი 1969.
300 ## - ფიზიკური აღწერა
Extent 191 გვ. ;
Dimensions 16 სმ.
653 ## - INDEX TERM--UNCONTROLLED
Uncontrolled term მოზაიკის ოსტატები
653 ## - INDEX TERM--UNCONTROLLED
Uncontrolled term მოთხრობა
700 ## - ADDED ENTRY--PERSONAL NAME
Personal name სოხაძე, მ.
Relator term მთარგმნელი
9 (RLIN) 19481
700 ## - ADDED ENTRY--PERSONAL NAME
Personal name ქუჩუკაშვილი, ქ.
Relator term რედაქტორი
9 (RLIN) 3796
942 ## - ADDED ENTRY ELEMENTS (KOHA)
Koha item type წიგნი
Source of classification or shelving scheme
ეგზემპლარები
ჩამოწერის სტატუსი დაკარგული ეგზემპლარის სტატუსი კლასიფიკაციის წყარო ან თაროზე გაწყობის სქემა დაზიანების სტატუსი არ გაიცემა მუდმივი მდებარეობა (დაცვის ადგილი) ამჟამინდელი ადგილსამყოფელი თაროზე განთავსების ადგილი შეძენის თარიღი ღირებულება, შესყიდვის ნორმალური ფასი სრული შენახვის შიფრი შტრიხკოდი ბოლო ოპერაციის თარიღი ეგზემპლარის მიმდევრობითი ნომერი (კეტერი?) ფასის ძალაში შესვლის თარიღი ეგზემპლარის სახეობა საჯარო შენიშვნა
          ბათუმის შოთა რუსთაველის სახელმწიფო უნივერსიტეტის მთავარი ბიბლიოთეკა ბათუმის შოთა რუსთაველის სახელმწიფო უნივერსიტეტის მთავარი ბიბლიოთეკა წიგნსაცავი 2018-12-17 0.42 82-93:821.133.1-32 ს-25 58615 2018-12-17 58615 2018-12-17 წიგნი 0.42 ₾.